Statistics for Solve this quiz with answers starting with 'N'

Click here to take the quiz!

General Stats

  • This quiz has been taken 26 times
  • The average score is 15 of 20

Answer Stats

HintAnswer% Correct
Capital of IndiaNew Delhi
100%
Longest river of AfricaNile
96%
Cathedral in ParisNotre Dame
96%
Longest river of West AfricaNiger river
92%
Japan city of bomb siteNagasaki
88%
Its capital is ManaguaNicaragua
88%
Island of New ZealandNorth Island
88%
Germany Supremacist groupNazi
85%
Country with two bands of green and
one band of white on its flag
Nigeria
85%
Country with Kalahari desertNamibia
81%
Country with the highest obesity rateNauru
81%
Hindu majority country other than
India
Nepal
81%
Wandering people, with no homeNomads
81%
Sovereign state with Belfast as capitalNorthern Ireland
81%
Sea bordering UK, France, GermanyNorth sea
77%
Mythology originated in ScandinaviaNorse
73%
Capital of Campania, ItalyNaples
69%
Name for Australia before 1824New Holland
35%
Capital of PalauNgerulmud
31%
This is island contains the most
dangerous tribe in the world
North Sentinel Island
19%

Score Distribution

Percentile by Number Answered

Percent of People with Each Score

Your Score History

You have not taken this quiz